[Event "2nd RUS Pupils Summer Boys"]
[Site "Satka RUS"]
[Date "2005.07.05"]
[Round "8"]
[White "Filatov,D"]
[Black "Trofimov,SP"]
[Result "1/2-1/2"]
[WhiteElo "2294"]
[BlackElo "2410"]

1.e4 c5 2.Nf3 d6 3.Bb5+ Bd7 4.Bxd7+ Qxd7 5.O-O Nc6 6.c3 Nf6 7.d4 Nxe4 8.d5 Ne5
9.Re1 Nf6 10.Nxe5 dxe5 11.Rxe5 e6 12.c4 Bd6 13.Re1 O-O-O 14.Nc3 exd5 15.Nxd5 Nxd5
16.cxd5 Bc7 17.Be3 Qxd5 18.Qc2  1/2-1/2

[Event "4th Open"]
[Site "La Fere FRA"]
[Date "2005.07.06"]
[Round "6"]
[White "Gharamian,T"]
[Black "Burg,T"]
[Result "1-0"]
[WhiteElo "2412"]
[BlackElo "2218"]

1.e4 c5 2.Nf3 d6 3.Bb5+ Bd7 4.Bxd7+ Qxd7 5.c4 Nc6 6.d4 cxd4 7.Nxd4 g6 8.Nc3 Bg7
9.Nde2 Nf6 10.f3 O-O 11.O-O Qd8 12.Kh1 Rc8 13.Bg5 Ne5 14.b3 Re8 15.Qd2 Qa5
16.Rfd1 Nfd7 17.Rab1 a6 18.a4 Qc5 19.Nd5 Kf8 20.Be3 Qa3 21.Nd4 Nc5 22.Nc2 Qa2
23.Bxc5 Rxc5 24.Ndb4 Nxc4 25.Nxa2 Nxd2 26.Rxd2 Rec8 27.Ne1 Ke8 28.Kg1 Kd7
29.Kf1 e6 30.Rbd1 R5c6 31.g3 Ke7 32.a5 Rd8 33.Rc2 Rxc2 34.Nxc2 Rc8 35.Ne3 Rc5
36.b4 Rc6 37.Ke2 Kd7 38.Kd3 b6 39.axb6 Rxb6 40.Kc4 f5 41.Kb3 Ke7 42.Nc4 Rc6
43.Nc3 Bf6 44.Na4 h6 45.Nab6 g5 46.g4 f4 47.Rd3 Bg7 48.Ka4 Bf6 49.Ka5  1-0

[Event "ch-NOR"]
[Site "Sandnes NOR"]
[Date "2005.07.06"]
[Round "5"]
[White "Dannevig,O"]
[Black "Bjerke,S"]
[Result "1-0"]
[WhiteElo "2347"]
[BlackElo "2137"]

1.e4 c5 2.Nf3 d6 3.Bb5+ Bd7 4.Bxd7+ Qxd7 5.O-O Nc6 6.c3 Nf6 7.d4 Nxe4 8.d5 Ne5
9.Re1 Nxf3+ 10.Qxf3 Nf6 11.c4 e5 12.dxe6 fxe6 13.Bg5 Be7 14.Nc3 h6 15.Bh4 O-O
16.Qh3 Kf7 17.f4 Rad8 18.Rad1 Rg8 19.Re2 g5 20.Rde1 e5 21.Qxd7 Rxd7 22.fxe5 dxe5
23.Bg3 Bd6 24.Rf1 Kg7 25.Rxe5 Bxe5 26.Bxe5 Rf8 27.Ne4 Rdf7 28.Nd6 Kg6 29.Nxf7 Rxf7
30.b3 Ne4 31.Re1 Nf2 32.Bb8 a6 33.Bd6 Nd3 34.Rd1 Nf4 35.Bxc5 Ne2+ 36.Kh1 Nc3
37.Ra1 Rd7 38.Kg1 Rd2 39.Bb4 Rc2 40.Bxc3 Rxc3 41.Rd1 b5 42.cxb5 axb5 43.Rd2 Kg7
44.Kf2 Kg6 45.Ke2 Kf5 46.Kd1 Ke4 47.Rc2 Rd3+ 48.Kc1 Rd5 49.Re2+ Kf4 50.Kb2 h5
51.Kc3 h4 52.Rf2+ Ke3 53.Rf3+ Ke4 54.h3 Rc5+ 55.Kd2 Rd5+ 56.Ke2 Rc5 57.Re3+ Kf4
58.Rf3+ Ke4 59.Rd3 Rc2+ 60.Rd2 Rc5 61.Kf2 Rf5+ 62.Kg1 Rc5 63.Kh2 Ke3 64.Rd8 Ke4
65.Rd7 Rc2 66.Ra7 Kf4 67.a4 bxa4 68.Rxa4+ Kf5 69.Rc4 Rb2 70.Rc3 Kf4 71.Rd3 Rb1
72.Rf3+ Ke4 73.Rc3 Kf4 74.Rc4+ Kf5 75.Rb4 Kf6 76.Rb8 Kg6 77.b4 Kf6 78.b5 Kg7
79.b6 Kh7 80.g4 Rb2+ 81.Kg1 Rb1+ 82.Kf2 Rb2+ 83.Ke1 Rb3 84.b7 Rb2 85.Kd1 Rb6
86.Kc2 Rb5 87.Kc3 Rb1 88.Kc4 Rb2 89.Kd5 Rb1 90.Ke5 Kg7 91.Kd6 Rb2 92.Kc6 Rc2+
93.Kd6 Rd2+ 94.Ke6 Rb2 95.Re8 Rb6+ 96.Kf5 Rb5+ 97.Re5 Rxb7 98.Kxg5 Rb6 99.Kxh4 Rh6+
100.Kg3 Rc6 101.h4 Kh6 102.Kf4 Kg7 103.h5 Rc4+ 104.Kg5  1-0

[Event "ch-BEL"]
[Site "Aalst BEL"]
[Date "2005.07.07"]
[Round "6"]
[White "Saiboulatov,D"]
[Black "Hautot,S"]
[Result "1/2-1/2"]
[WhiteElo "2401"]
[BlackElo "2334"]

1.e4 c5 2.Nf3 d6 3.Bb5+ Bd7 4.Bxd7+ Qxd7 5.O-O Nf6 6.d3 Nc6 7.Bf4 e6 8.Nc3 Be7
9.e5 dxe5 10.Nxe5 Qd4 11.Ne2 Qxb2 12.Rb1 Qxa2 13.Nc4 Nb4 14.c3 Nxd3 15.Qxd3 Rd8
16.Ra1 Rxd3 17.Rxa2 a6 18.Rb2 b5 19.Ne5 Rd8 20.Ra2 Nd5 21.Bg3 h5 22.h4 Bf6
23.Rxa6 O-O 24.Ra5 Ne7 25.Rxb5 Rd2 26.Re1 Rc8 27.Nc4 Rc2 28.Nd6 Ra8 29.Rxc5 Nd5
30.Ne4 Be7 31.Nd4 Rca2 32.Rb5 Rc8 33.Rb8 Rxb8 34.Bxb8 Bxh4 35.g3 Be7 36.c4 Nb4
37.c5 Nd3 38.Re2 Ra1+ 39.Kg2 Nxc5 40.Nc6 Bf8 41.Nxc5 Bxc5 42.Rc2 Bb6 43.Rb2 Bc5
44.Rc2 Bb6 45.Bf4 Rb1 46.Ne5 Rd1 47.Rc6 Ba5 48.Ra6 Bc7 49.Rc6 Bxe5 50.Bxe5 f6
51.Bf4 e5 52.Be3 Ra1 53.Rc4 Kf7 54.Kf3 Ra6 55.Rb4 g5 56.Ke4 Ke6 57.Kf3 Kf5
58.Kg2 Kg6 59.Rb6 Rxb6 60.Bxb6 g4 61.Bd8 f5 62.Kf1 Kf7 63.Ke2 Ke6 64.Ke3 Kd5
65.Kd3 Kc5 66.Bg5 Kd5 67.Bh4 Kc5 68.Bd8 Kd5 69.Bc7 Ke6 70.Kc4 f4 71.Kd3 Kf5
72.Bd8 e4+ 73.Ke2 e3 74.fxe3 fxg3 75.Bh4 g2 76.Kf2 Ke4 77.Bg5 g1=Q+ 78.Kxg1 Kf3
79.Bh4  1/2-1/2

[Event "Open"]
[Site "Barbera del Valles ESP"]
[Date "2005.07.07"]
[Round "4"]
[White "Randazzo,A"]
[Black "Panelo,M"]
[Result "1/2-1/2"]
[WhiteElo "2262"]
[BlackElo "2404"]

1.e4 c5 2.Nf3 d6 3.Bb5+ Bd7 4.Bxd7+ Qxd7 5.c4 Nc6 6.Nc3 g6 7.d4 cxd4 8.Nxd4 Bg7
9.Nde2 Nf6 10.O-O O-O 11.f3 a6 12.a4 Qd8 13.Be3 Qa5 14.Qd2 Kh8 15.Rab1 Nd7
16.b3 f5 17.exf5 gxf5 18.Nd5 Qxd2 19.Bxd2 Nc5 20.a5 e6 21.Ndf4 Rfe8 22.b4 Nd7
23.Nh5 Nd4 24.Neg3 Rac8 25.Nxg7 Kxg7 26.Rfc1 Kf7 27.Be3 Nc6 28.Rd1 Nde5 29.Rxd6 Nxc4
30.Rd7+ Re7 31.Rxe7+ Nxe7 32.Bc5 Nd5 33.Rc1 Ne5 34.Rd1  1/2-1/2

[Event "20th North Sea Cup"]
[Site "Esbjerg DEN"]
[Date "2005.07.08"]
[Round "8"]
[White "Lindfeldt,J"]
[Black "Carlstedt,J"]
[Result "1/2-1/2"]
[WhiteElo "2293"]
[BlackElo "2059"]

1.e4 c5 2.Nf3 d6 3.Bb5+ Bd7 4.Bxd7+ Nxd7 5.O-O Ngf6 6.Qe2 e6 7.c3 Be7 8.d3 O-O
9.h3 Qc7 10.Bf4 e5 11.Bh2 Rfe8 12.Nbd2 b5 13.a4 a6 14.d4 c4 15.Rfb1 Rac8
16.axb5 axb5 17.b3 Bf8 18.bxc4 bxc4 19.g4 h6 20.Ra4 Rb8 21.Rxb8 Qxb8 22.dxe5 dxe5
23.Rxc4 Qb5 24.Qf1 Bd6 25.Qd3 Bc5  1/2-1/2

[Event "ch-SCO"]
[Site "Oban SCO"]
[Date "2005.07.08"]
[Round "7"]
[White "Stevenson,J"]
[Black "Tate,A"]
[Result "1-0"]
[WhiteElo "2089"]
[BlackElo "2030"]

1.e4 c5 2.Nf3 d6 3.Bb5+ Nd7 4.O-O Nf6 5.Re1 e6 6.c3 Be7 7.d4 O-O 8.Nbd2 a6
9.Bd3 cxd4 10.cxd4 e5 11.Nf1 Re8 12.Ng3 Bf8 13.h3 b6 14.b3 exd4 15.Nxd4 Bb7
16.Bc2 Nc5 17.f3 Qc7 18.Bf4 Rad8 19.Rc1 Qb8 20.Qd2 Nfd7 21.Ngf5 Ne5 22.b4 Ne6
23.Nxe6 Rxe6 24.Bb3 Ree8 25.Ne3 d5 26.Nxd5 Qd6 27.Red1 Rc8 28.Be3 Qg6 29.Kh1 Rxc1
30.Rxc1 Bd6 31.f4 Nd7 32.e5 Bb8 33.Rf1 Qh5 34.Kg1 b5 35.Nc3 Nf8 36.Bd5 Bc8
37.Bc6 Re6 38.Bf3 Qh4 39.Bg4 Re8 40.Bxc8 Rxc8 41.Rd1 h6 42.Bc5 Ne6 43.Be3 Rc4
44.Nd5 Qg3 45.Qf2 Qxf2+ 46.Kxf2 Kf8 47.Kf3 Ke8 48.Rc1 Nd4+ 49.Kf2 Nc2 50.Bc5 Nxb4
51.Rxc4 Nd3+ 52.Ke3 bxc4 53.Kd4 Nxc5 54.Kxc5 Kd7 55.Nb6+ Ke6 56.Nxc4 Bc7
57.Kc6 Bd8 58.g4 g6 59.a4 a5 60.Nd6 Be7 61.Nb7 Bb4 62.Nc5+ Ke7 63.f5 h5 64.Nd3 hxg4
65.hxg4 gxf5 66.gxf5 Bc3 67.Kd5 Kd7 68.Nc5+ Ke7 69.e6 fxe6+ 70.fxe6 Bb4 71.Nd3 Bc3
72.Nf4 Kf6 73.Ne2 Bb4 74.Ng3 Ke7 75.Nf5+ Kf6 76.Nd4 Be7 77.Nc6 Bb4 78.Nxa5 Bxa5
79.Kd6 Bd8 80.Kd7 Be7 81.a5  1-0

[Event "7th Festival IM"]
[Site "Saint Lo FRA"]
[Date "2005.07.09"]
[Round "2"]
[White "Mullon,J"]
[Black "Ninov,N"]
[Result "0-1"]
[WhiteElo "2367"]
[BlackElo "2493"]

1.e4 c5 2.Nf3 d6 3.Bb5+ Bd7 4.Bxd7+ Qxd7 5.O-O Nc6 6.c3 d5 7.exd5 Qxd5 8.d4 e6
9.Be3 cxd4 10.Nxd4 Nxd4 11.Bxd4 Ne7 12.Qb3 Qc6 13.Nd2 Nf5 14.Nc4 Be7 15.Na5 Qa6
16.Qxb7 Qxb7 17.Nxb7 Rb8 18.Na5 Nxd4 19.cxd4 Rxb2 20.Rfb1 Rb6 21.Nc4 Rxb1+
22.Rxb1 O-O 23.Rb7 Bf6 24.Rxa7 Rc8 25.g3 Bxd4 26.Rd7 Bf6 27.Nb6 Rc5 28.a4 g5
29.Kg2 Kg7 30.h3 Bc3 31.g4 Ba5 32.Rb7 Rc2 33.Nd7 Be1 34.Kf1 Bxf2 35.a5 Bd4
36.a6 Rf2+ 37.Ke1 Ra2 38.Nb8 Kg6 39.Kd1 Be3 40.Re7 Rd2+ 41.Ke1 Ra2 42.Kd1 Bc5
43.Rb7 Bd4 44.Rd7 Bg1 45.Re7 h6 46.Ke1 Bc5 47.Rb7 f5 48.Nd7 Bf2+ 49.Kf1 Bd4
50.Nf8+ Kf6 51.Nd7+ Ke7 52.gxf5 exf5 53.Ne5+ Kd6 54.Nf7+ Kd5 55.Nxh6 f4 56.Rb3 Ke4
57.Nf7 Ra1+ 58.Kg2 f3+  0-1

[Event "Open"]
[Site "Condom FRA"]
[Date "2005.07.10"]
[Round "2"]
[White "Venner,L"]
[Black "Pieri,E"]
[Result "1-0"]
[WhiteElo "2077"]
[BlackElo "1959"]

1.e4 c5 2.Nf3 d6 3.Bb5+ Nc6 4.O-O e5 5.c3 Bd7 6.Re1 a6 7.Bf1 Be7 8.d4 cxd4
9.cxd4 Rc8 10.Nc3 Bg4 11.dxe5 dxe5 12.Be3 Nf6 13.Qb3 Bxf3 14.gxf3 Nd4 15.Bxd4 exd4
16.Rad1 b5 17.e5 Nd7 18.Rxd4 Qb6 19.Rxd7 Kxd7 20.Bh3+ Kc6 21.Qd5+ Kc7 22.Qxf7 Qg6+
23.Qxg6 hxg6 24.Nd5+  1-0

[Event "34th TCh-GRE"]
[Site "Ermioni Argolidas GRE"]
[Date "2005.07.10"]
[Round "8"]
[White "Dimitrov,A"]
[Black "Georgiev,Kr"]
[Result "1/2-1/2"]
[WhiteElo "2298"]
[BlackElo "2468"]

1.e4 c5 2.Nf3 d6 3.Bb5+ Bd7 4.Bxd7+ Qxd7 5.c4 Nc6 6.Nc3 e5 7.d3 g6 8.Nd5 Bg7
9.O-O Nge7 10.Bh6 O-O 11.Bxg7 Kxg7 12.Nxe7  1/2-1/2

[Event "North Urals Cup"]
[Site "Krasnoturinsk RUS"]
[Date "2005.07.10"]
[Round "6"]
[White "Xu Yuhua"]
[Black "Galliamova,A"]
[Result "1-0"]
[WhiteElo "2480"]
[BlackElo "2453"]

1.e4 c5 2.Nf3 d6 3.Bb5+ Nd7 4.d4 Nf6 5.O-O a6 6.Bxd7+ Nxd7 7.Bg5 h6 8.Bh4 Qb6
9.Nc3 g5 10.Bg3 Bg7 11.e5 cxd4 12.Nd5 Qc6 13.Qxd4 e6 14.Ne3 dxe5 15.Nxe5 Qc5
16.Qxc5 Nxc5 17.N5c4 Nd7 18.a4 f5 19.Bc7 O-O 20.c3 f4 21.Nc2 Rf5 22.Rfd1 Rc5
23.Nb6 Nxb6 24.Bxb6 Rc6 25.a5 Kf7 26.Nd4 Rd6 27.Nb3 Rc6 28.Nc5 Rb8 29.Ba7 Ra8
30.Nxb7 Kg6 31.Nd8 Rc4 32.Bb6 Bf8 33.Re1 Kf5 34.Bd4 Rb8 35.Re5+ Kg4 36.Re2 Kf5
37.Rae1 Rb5 38.Nxe6 Bd6 39.Bb6 Rd5 40.Nd4+ Kg6 41.f3 g4 42.fxg4 Bxg4 43.Re8 Rc8
44.h3 Bd7 45.Rxc8 Bxc8 46.Re8 Bb7 47.Re6+ Kf7 48.Rxh6 Bf8 49.Rh4 Bg7 50.Rxf4+ Kg8
51.h4 Re5 52.Kf2 Bh6 53.Rg4+ Kf7 54.Nf3 Rf5 55.b4 Bf8 56.Bd4 Be7 57.Ke3 Bf8
58.Rf4 Bh6 59.Ng5+ Kg6 60.Rxf5 Kxf5 61.g3 Bg2 62.Bh8 Bf8 63.Nf7 Ke6 64.Ne5 Bh6+
65.Kd4 Bd2 66.g4 Be1 67.Nd3  1-0

[Event "IM"]
[Site "Condom FRA"]
[Date "2005.07.11"]
[Round "3"]
[White "Beudaert,X"]
[Black "Solodovnichenko,Y"]
[Result "0-1"]
[WhiteElo "2358"]
[BlackElo "2535"]

1.e4 c5 2.Nf3 d6 3.Bb5+ Nd7 4.O-O Nf6 5.Re1 a6 6.Bf1 b6 7.d4 cxd4 8.Nxd4 Bb7
9.f3 e6 10.c4 Rc8 11.Be3 Be7 12.Nc3 O-O 13.Rc1 Rc7 14.Kh1 Qa8 15.Qd2 Re8
16.Na4 Rb8 17.Qf2 Rcc8 18.Red1 Bd8 19.b3 Bc7 20.Nc3 Kh8 21.Nde2 Rg8 22.Bf4 Ne8
23.Qh4 Bd8 24.Qf2 Be7 25.Be3 Nef6 26.Nd4 g5 27.h3 Rg6 28.Na4 h5 29.Ne2 b5
30.cxb5 axb5 31.Nb6 Nxb6 32.Bxb6 g4 33.Nf4 Rg7 34.Nxh5 Nxh5 35.hxg4 Nf6 36.Bc7 Rc8
37.Qb2 Qa7 38.Kh2 Rh7+ 39.Kg3 e5 40.Bxd6 Nxe4+ 41.fxe4 Qe3+  0-1

[Event "inAUTOmarket Open"]
[Site "Minsk BLR"]
[Date "2005.07.11"]
[Round "2"]
[White "Ginzburg,Mi"]
[Black "Novikov,St"]
[Result "1/2-1/2"]
[WhiteElo "2344"]
[BlackElo "2534"]

1.e4 c5 2.Nf3 d6 3.Bb5+ Bd7 4.Bxd7+ Nxd7 5.O-O Ngf6 6.Re1 e6 7.c3 Be7 8.d4 O-O
9.Nbd2 cxd4 10.cxd4 Qa5 11.Nf1 d5 12.e5 Ne4 13.Ng3 Nxg3 14.hxg3 Rac8 15.Bd2 Qa6
16.Qe2 Qxe2 17.Rxe2 Rc2 18.Rb1 Rfc8 19.Kf1 R2c4 20.Ree1 Bb4 21.Bxb4 Rxb4
22.b3 Rb6 23.Rec1 Rbc6 24.Rxc6 Rxc6 25.Ne1 f6 26.exf6 Nxf6 27.Rb2 Ne4 28.Rc2 Rc3
29.g4 Kf7 30.f3 Rxc2 31.Nxc2 Nc3 32.a3 Na2 33.Kf2 Nc1 34.Na1 e5 35.Ke3 exd4+
36.Kxd4 Ke6 37.Ke3 Na2 38.Kd3 Nc1+ 39.Ke3 Na2 40.Kd4 Nc1 41.Ke3 Na2 42.Kd4 Kd6
43.b4 Nc1 44.Ke3 Kc6 45.Kd2 Na2 46.Nb3 Kb5 47.Kc2 Kc4 48.Nd2+ Kd4 49.Nb3+ Kc4
50.Nd2+ Kd4 51.Nb3+ Kc4 52.Nd2+ Kd4  1/2-1/2

[Event "North Urals Cup"]
[Site "Krasnoturinsk RUS"]
[Date "2005.07.12"]
[Round "8"]
[White "Xu Yuhua"]
[Black "Kosintseva,T"]
[Result "0-1"]
[WhiteElo "2480"]
[BlackElo "2477"]

1.e4 c5 2.Nf3 d6 3.Bb5+ Bd7 4.Bxd7+ Qxd7 5.O-O Nf6 6.Re1 Nc6 7.c3 e6 8.d3 Be7
9.Nbd2 O-O 10.Nf1 b5 11.Ng3 Rfc8 12.Ng5 h6 13.Nh3 Bf8 14.f4 e5 15.Nf5 d5
16.Qf3 g6 17.exd5 Nxd5 18.Ng3 exf4 19.Nxf4 Nxf4 20.Bxf4 Bg7 21.Rad1 f5 22.Qe3 g5
23.Bxg5 hxg5 24.Qxg5 Rf8 25.Nh5 Rf7 26.Re3 Re8 27.Rg3 Qe7 28.Qh6 Ne5 29.h3 Ng4
30.Qd2 Nf6 31.Nf4 Qd6 32.Rf3 Nd5 33.Nxd5 Qxd5 34.Qg5 b4 35.Rdf1 bxc3 36.bxc3 Ref8
37.g4 Qd8 38.Qh5 Bxc3 39.Rxf5 Rxf5 40.Rxf5 Rxf5 41.Qxf5 Bd4+ 42.Kg2 Qf6 43.Qxf6 Bxf6
44.Kg3 Be5+ 45.Kf3 Kf7 46.g5 Ke6 47.Kg4 Kd5 48.h4 Kd4 49.h5 Kxd3 50.h6 c4
51.g6 c3 52.g7 c2 53.g8=Q c1=Q 54.h7 Qf4+ 55.Kh3 Qf3+  0-1

[Event "North Urals Cup"]
[Site "Krasnoturinsk RUS"]
[Date "2005.07.12"]
[Round "8"]
[White "Kovalevskaya,E"]
[Black "Kosintseva,N"]
[Result "0-1"]
[WhiteElo "2471"]
[BlackElo "2490"]

1.e4 c5 2.Nf3 d6 3.Bb5+ Bd7 4.Bxd7+ Qxd7 5.c4 Nf6 6.Nc3 g6 7.O-O Bg7 8.d4 cxd4
9.Nxd4 O-O 10.f3 Rc8 11.b3 d5 12.exd5 Nxd5 13.Nxd5 e6 14.Bh6 exd5 15.Bxg7 Kxg7
16.c5 Na6 17.Qd2 Nxc5 18.Rad1 Kg8 19.Rf2 Re8 20.Nc2 Rad8 21.Ne3 d4 22.Ng4 Qe7
23.Rff1 f5 24.Nf2 Qf6 25.Qb4 b6 26.Rd2 Re3 27.Qc4+ Kg7 28.b4 Ne6 29.Nd1 Re5
30.Nb2 b5 31.Qc1 Nf4 32.Qc7+ Qe7 33.Qxe7+ Rxe7 34.Rfd1 Ne2+ 35.Kf1 Nc3 36.Rxd4 Nxd1  0-1

[Event "27th Open"]
[Site "Oberwart AUT"]
[Date "2005.07.12"]
[Round "4"]
[White "Moser,E"]
[Black "Stanec,N"]
[Result "1/2-1/2"]
[WhiteElo "2354"]
[BlackElo "2566"]

1.e4 c5 2.Nf3 d6 3.Bb5+ Nc6 4.Bxc6+ bxc6 5.O-O g6 6.Re1 Bg7 7.e5 d5 8.d3 Nh6
9.Bf4 O-O 10.Nbd2 Nf5 11.Nb3 Qb6 12.Qd2 Nd4 13.Nfxd4 cxd4 14.Qa5 Bd7 15.Qa4 e6
16.Qxd4 Qxd4 17.Nxd4 c5 18.Nf3 Rfb8 19.b3 a5 20.a4 c4 21.dxc4 dxc4 22.Rab1 Be8
23.Re3 Rb4 24.Bg5 Bf8 25.Nd2 cxb3 26.cxb3 Bc6 27.Rc1 Bd5 28.h3 h6 29.Bf6 g5
30.Rec3 Kh7 31.Rc8 Rbb8 32.Rxb8 Rxb8 33.g4 Kg6 34.Rc7 Bg7 35.Bxg7 Kxg7 36.Rc5 Bxb3
37.Nxb3 Rxb3 38.Kg2 h5 39.gxh5 Kh6 40.Rxa5 Kxh5 41.Rb5 Ra3 42.Rb4 Kg6 43.f3 Kf5
44.Re4 Ra2+ 45.Kg3 Ra3 46.Kg2 Ra2+ 47.Kg3 Ra3 48.Kf2 Ra2+ 49.Kg3  1/2-1/2

[Event "27th Open"]
[Site "Oberwart AUT"]
[Date "2005.07.12"]
[Round "4"]
[White "Lendwai,R"]
[Black "Ardeleanu,A"]
[Result "1/2-1/2"]
[WhiteElo "2416"]
[BlackElo "2389"]

1.e4 c5 2.Nf3 d6 3.Bb5+ Nd7 4.d4 Nf6 5.Nc3 cxd4 6.Qxd4 e5 7.Qd3 h6 8.O-O Be7
9.Re1 O-O 10.Nd2 Nc5 11.Qe2 a6 12.Bc4 b5 13.Bd5 Rb8 14.a3 Ne6 15.Nf1 Nd4
16.Qd3 Nxd5 17.Nxd5 Be6 18.Be3 Bxd5 19.exd5 Rc8 20.Bxd4 exd4 21.Ng3 Bf6 22.Nf5 Qd7
23.Re2 g6 24.Nxd4 Rc4 25.Re4 Qb7 26.c3 Qxd5 27.Rd1 Qb7 28.Qe3 d5 29.Re8 Rxe8
30.Qxe8+ Kg7 31.Qe3  1/2-1/2

[Event "27th Open"]
[Site "Oberwart AUT"]
[Date "2005.07.12"]
[Round "4"]
[White "Froewis,G"]
[Black "Wittmann,W"]
[Result "0-1"]
[WhiteElo "2143"]
[BlackElo "2365"]

1.e4 c5 2.Nf3 d6 3.Bb5+ Bd7 4.Bxd7+ Qxd7 5.c4 Nf6 6.Nc3 g6 7.d4 cxd4 8.Nxd4 Bg7
9.O-O O-O 10.Nde2 Rc8 11.Qd3 Na6 12.f4 Nb4 13.Qf3 Qg4 14.Qxg4 Nxg4 15.b3 b5
16.h3 Nh6 17.a3 Nd3 18.Rf3 bxc4 19.b4 f5 20.exf5 Nxf5 21.Be3 d5 22.Bf2 Nxf2
23.Rxf2 d4 24.Ne4 d3 25.N2c3 Nd6 26.Rc1 Nxe4 27.Nxe4 c3 28.Nc5 d2 29.Rcf1 Bd4  0-1

[Event "Canadian Open"]
[Site "Edmonton CAN"]
[Date "2005.07.13"]
[Round "5"]
[White "Tyomkin,D"]
[Black "Ivanchuk,V"]
[Result "1/2-1/2"]
[WhiteElo "2467"]
[BlackElo "2752"]

1.e4 c5 2.Nf3 d6 3.Bb5+ Bd7 4.Bxd7+ Qxd7 5.O-O e6 6.c3 Nf6 7.Re1 Nc6 8.d3 Be7
9.Nbd2 O-O 10.Nf1 Ne5 11.Ng3 Qb5 12.d4 cxd4 13.cxd4 Nd3 14.Qe2 a6 15.a4 Nxc1
16.Qxb5 axb5 17.Rexc1 d5 18.e5 Ne8 19.axb5 Rxa1 20.Rxa1 Nc7 21.Ra5 Bb4 22.Ra4 Be7
23.Ra5  1/2-1/2

[Event "DMP 1st League"]
[Site "Koszalin POL"]
[Date "2005.07.13"]
[Round "11"]
[White "Dubinski,M"]
[Black "Adamski,M"]
[Result "0-1"]
[WhiteElo "2067"]
[BlackElo "2287"]

1.e4 c5 2.Nf3 d6 3.Bb5+ Nc6 4.Bxc6+ bxc6 5.O-O e5 6.c3 Bg4 7.Re1 Qf6 8.Re3 g6
9.h3 Bxf3 10.Rxf3 Qe6 11.d4 Nf6 12.Qa4 Rc8 13.dxc5 dxc5 14.Be3 Be7 15.Bh6 Nh5
16.g4 g5 17.gxh5 Qxh6 18.Qb3 O-O 19.Rf5 Qxh5 20.Nd2 Qxh3 21.Rxe5 Bd6 22.Rxg5+ Kh8
23.Nf1 Rg8 24.Rg3 Bxg3 25.fxg3 Rxg3+  0-1

[Event "2nd Sanjin Hotel Cup"]
[Site "Tiayuan CHN"]
[Date "2005.07.13"]
[Round "5"]
[White "Zhang Zhong"]
[Black "Petrosian,TL"]
[Result "1-0"]
[WhiteElo "2608"]
[BlackElo "2581"]

1.e4 c5 2.Nf3 d6 3.Bb5+ Bd7 4.Bxd7+ Qxd7 5.c4 Nf6 6.Nc3 Nc6 7.d4 cxd4 8.Nxd4 Qg4
9.Qxg4 Nxg4 10.Nxc6 bxc6 11.Bf4 g5 12.Bxg5 Ne5 13.b3 Rg8 14.Bh4 Bg7 15.Kd2 a5
16.Rab1 a4 17.Nxa4 Bh6+ 18.Kc2 Rg4 19.Bg3 Nxc4 20.bxc4 Rxa4 21.Rb8+ Kd7 22.Kb3 Ra7
23.f3 Rg5 24.e5 dxe5 25.Rd1+ Ke6 26.a4 f6 27.Bf2 Ra5 28.Bb6 Ra6 29.g3 Rf5
30.Rf1 Bd2 31.Rf2 Be1 32.Rf1 Bd2 33.Kc2 Bb4 34.Rb7 e4 35.f4 Rh5 36.Rf2 Kf5
37.Re2 c5 38.Kb3 Rh3 39.a5 Bxa5 40.Bxc5 e6 41.Ra2 Kg4 42.Rg7+ Kf5 43.Bb4 Bxb4
44.Rxa6 Bd2 45.c5 e3 46.c6 e2 47.Ra1 Bxf4 48.Re1 Ke4 49.Rxe2+ Kd3 50.Rxe6  1-0

[Event "ITT"]
[Site "Vicente Lopez ARG"]
[Date "2005.07.14"]
[Round "1"]
[White "De Dovitiis,A"]
[Black "Fusco,L"]
[Result "0-1"]
[WhiteElo "2345"]
[BlackElo "2278"]

1.e4 c5 2.Nf3 d6 3.Bb5+ Bd7 4.Bxd7+ Qxd7 5.O-O Nf6 6.Qe2 Nc6 7.c3 e6 8.d4 cxd4
9.cxd4 d5 10.e5 Ne4 11.Be3 Be7 12.Ne1 f6 13.f3 Ng5 14.exf6 Bxf6 15.Bxg5 Bxg5
16.Nc2 O-O 17.g3 Bf6 18.Rd1 e5 19.dxe5 Bxe5 20.Nc3 Bxc3 21.bxc3 Rae8 22.Qg2 Qd6
23.f4 Qc5+ 24.Kh1 Qxc3 25.Rac1 Qa5 26.Qxd5+ Qxd5+ 27.Rxd5 Re2 28.a3 Rfe8
29.Kg1 R8e4 30.Rc5 Rd2 31.Ne1 Nd4 32.Rc8+ Kf7 33.R8c7+ Kg6 34.Rb1 Rxe1+ 35.Rxe1 Nf3+
36.Kf1 Nxh2+ 37.Kg1 Nf3+ 38.Kf1 Nxe1 39.Rxb7 Nc2 40.a4 a5 41.Rb6+ Kf5 42.Rb5+ Kg4
43.Rxa5 Kf3 44.Kg1 Ne3  0-1

[Event "inAUTOmarket Open"]
[Site "Minsk BLR"]
[Date "2005.07.15"]
[Round "6"]
[White "Smirnov,Va"]
[Black "Zhigalko,A"]
[Result "1/2-1/2"]
[WhiteElo "2388"]
[BlackElo "2526"]

1.e4 c5 2.Nf3 d6 3.Bb5+ Nd7 4.d4 Nf6 5.Nc3 cxd4 6.Qxd4 e5 7.Qd3 Be7 8.Bg5 O-O
9.Bxd7 Qxd7 10.Rd1 Rd8 11.O-O Qg4 12.Bxf6 Bxf6 13.Nd5 Be6 14.c4 Rac8 15.b3 Rd7
16.Nxf6+ gxf6 17.Nd2 Kh8 18.Qe3 Rg8 19.g3 Rg5 20.f4 exf4 21.Qxf4 Qxf4 22.Rxf4 Ra5
23.a4 f5 24.exf5 Rxf5 25.Ne4 Rxf4 26.gxf4 Bf5 27.Rxd6 Re7 28.Nf6 Bg6 29.Kf2 Bc2
30.Nd5 Re8 31.b4 Bxa4 32.b5 Bb3 33.Ne3 Rc8 34.Rd7 Bxc4 35.Rxb7 Kg8 36.Kf3 Bd3
37.Ng4 Rc3 38.Rxa7  1/2-1/2

[Event "27th Open"]
[Site "Oberwart AUT"]
[Date "2005.07.16"]
[Round "8"]
[White "Ardeleanu,A"]
[Black "Shengelia,D"]
[Result "1-0"]
[WhiteElo "2389"]
[BlackElo "2525"]

1.e4 c5 2.Nf3 d6 3.Bb5+ Bd7 4.Bxd7+ Qxd7 5.O-O Nc6 6.c4 g6 7.d4 cxd4 8.Nxd4 Bg7
9.Be3 Nf6 10.f3 Rc8 11.Nc3 O-O 12.Nde2 e6 13.Qd2 Rfd8 14.Rad1 Qe7 15.Bg5 b6
16.Kh1 a6 17.Qf4 h6 18.Bxh6 Nh5 19.Qd2 Ne5 20.b3 Bxh6 21.Qxh6 b5 22.cxb5 axb5
23.Nxb5 Rc2 24.Nbc3 Qh4 25.Qe3 Kg7 26.Rd2 Rh8 27.h3 Rxd2 28.Qxd2 Ng3+ 29.Nxg3 Qxg3
30.Ne2 Qh4 31.Qxd6 Qf6 32.Qd4 Rd8 33.Qe3 Nd3 34.Kh2 Nb4 35.Qc3 Nxa2 36.Qa5 Qb2
37.Qxd8 Qxe2 38.Qd4+ Kh7 39.Rf2 Qa6 40.Qa1  1-0

[Event "ACT Open"]
[Site "Amsterdam NED"]
[Date "2005.07.17"]
[Round "2"]
[White "Belkhodja,S"]
[Black "Timofeev,Arty"]
[Result "1/2-1/2"]
[WhiteElo "2468"]
[BlackElo "2661"]

1.e4 c5 2.Nf3 d6 3.Bb5+ Nc6 4.d4 cxd4 5.Qxd4 Bd7 6.Bxc6 Bxc6 7.Nc3 Nf6 8.Bg5 e6
9.O-O-O Be7 10.Qd3 Qa5 11.h4 h6 12.Bxf6 Bxf6 13.Nd4 Be5 14.g3 Qc5 15.f4 Bxd4
16.Qxd4 Qxd4 17.Rxd4 Ke7 18.Rhd1 Rad8 19.b4 b6 20.Kb2 g5 21.b5 Bb7 22.hxg5 hxg5
23.Ra4 Ra8 24.fxg5 Rhg8 25.Rad4 Rad8 26.Ra4 Ra8 27.Rad4 Rad8 28.Ra4  1/2-1/2

[Event "Andorra Open"]
[Site "Andorra la Vella AND"]
[Date "2005.07.17"]
[Round "9"]
[White "Maze,S"]
[Black "Campos Moreno,J"]
[Result "1/2-1/2"]
[WhiteElo "2494"]
[BlackElo "2443"]

1.e4 c5 2.Nf3 d6 3.Bb5+ Nd7 4.O-O Nf6 5.d4 cxd4 6.Qxd4 a6 7.Bxd7+ Bxd7 8.Bg5 e6
9.Nbd2 Bc6 10.Nc4 Bxe4 11.Bxf6 Qxf6 12.Qxe4 d5 13.Qe2 dxc4 14.Rad1 Rd8 15.Qe4 Bc5
16.Rxd8+ Qxd8 17.Qxb7 O-O 18.Qxa6 Qd5 19.b3 Ra8 20.Qxc4  1/2-1/2

[Event "inAUTOmarket Open"]
[Site "Minsk BLR"]
[Date "2005.07.17"]
[Round "8"]
[White "Ratkovich,I"]
[Black "Vovk,Y"]
[Result "0-1"]
[WhiteElo "2338"]
[BlackElo "2435"]

1.e4 c5 2.Nf3 d6 3.Bb5+ Nc6 4.O-O Bd7 5.c3 Nf6 6.Re1 e5 7.d4 Be7 8.Bg5 O-O
9.dxc5 dxc5 10.Bxf6 Bxf6 11.Qe2 Qb6 12.Na3 a6 13.Bd3 Ne7 14.Nc4 Qc7 15.Ne3 g6
16.a4 Bg7 17.a5 h6 18.Nc4 Bc6 19.Rad1 Rad8 20.Nb6 Rd6 21.Bc4 Rfd8 22.Rxd6 Rxd6
23.Qc2 Be8 24.Rd1 Nc6 25.Nd5 Qd8 26.Qa4 Nxa5 27.Nf6+  0-1

[Event "ch-Paris Open"]
[Site "Paris FRA"]
[Date "2005.07.17"]
[Round "9"]
[White "Gouliev,N"]
[Black "Ghaem Maghami,E"]
[Result "1/2-1/2"]
[WhiteElo "2555"]
[BlackElo "2603"]

1.e4 c5 2.Nf3 d6 3.Bb5+ Nc6 4.O-O Bd7 5.Re1 Nf6 6.c3 a6 7.Bxc6 Bxc6 8.d4 Bxe4
9.Bg5 Bg6 10.Qb3 Ne4  1/2-1/2

[Event "WYg18"]
[Site "Belfort FRA"]
[Date "2005.07.19"]
[Round "1"]
[White "Bolon,K"]
[Black "Zawadzka,J"]
[Result "0-1"]
[WhiteElo "2064"]
[BlackElo "2402"]

1.e4 c5 2.Nf3 d6 3.Bb5+ Bd7 4.Bxd7+ Qxd7 5.O-O Nc6 6.c4 g6 7.d4 cxd4 8.Nxd4 Bg7
9.Be3 Nf6 10.f3 O-O 11.Nc3 e6 12.Nde2 Rfd8 13.Bg5 a6 14.Qd2 Rac8 15.Rac1 Ne5
16.b3 b5 17.cxb5 axb5 18.f4 Qa7+ 19.Qd4 Qxd4+ 20.Nxd4 Nd3 21.Ndxb5 Nxc1 22.e5 dxe5
23.fxe5 Nd5 24.Bxd8 Nxc3 25.Nxc3 Rxc3 26.Ba5 Rc2  0-1

[Event "Politiken Cup"]
[Site "Copenhagen DEN"]
[Date "2005.07.19"]
[Round "5"]
[White "Mansson,L"]
[Black "Sigfusson,S"]
[Result "0-1"]
[WhiteElo "2184"]
[BlackElo "2344"]

1.e4 c5 2.Nf3 d6 3.Bb5+ Nc6 4.O-O Bd7 5.c3 Qb6 6.Ba4 g6 7.d4 cxd4 8.cxd4 Bg7
9.Nc3 Nf6 10.e5 dxe5 11.dxe5 Ng4 12.Bf4 Qa5 13.Nd5 e6 14.Nc3 Ngxe5 15.Nxe5 Bxe5
16.b4 Qd8 17.Bxe5 Nxe5 18.Ne4 Bc6 19.Bxc6+ Nxc6 20.Qb3 Qd4 21.Rfe1 Qxb4 22.Nf6+ Kf8
23.Qg3 Rd8 24.Rab1 Qe7 25.Qc3 Nd4 26.Ne4 b6 27.f4 f6 28.a4 Kg7 29.Rb4 e5
30.Rc4 Rhe8 31.Rc7 Rd7 32.Nxf6 Kxf6 33.fxe5+ Kf7 34.Qh3 Rxc7 35.Qxh7+ Ke6
36.Qxg6+ Kd7 37.Rd1 Rc4 38.Qg4+ Kc7 39.Rxd4 Rxd4 40.Qxd4 Qc5  0-1

[Event "ACT Open"]
[Site "Amsterdam NED"]
[Date "2005.07.20"]
[Round "5"]
[White "Belkhodja,S"]
[Black "Al Modiahki,M"]
[Result "1/2-1/2"]
[WhiteElo "2468"]
[BlackElo "2570"]

1.e4 c5 2.Nf3 d6 3.Bb5+ Nc6 4.O-O Bd7 5.Re1 Nf6 6.c3 a6 7.Bf1 Bg4 8.h3 Bxf3
9.Qxf3 g6 10.Na3 Bg7 11.Nc2 O-O 12.d4 cxd4 13.Nxd4 Ne5 14.Qe2 Rc8 15.f4 Nc6
16.Nxc6 Rxc6 17.g4 b5 18.Bg2 Rc4 19.a4 d5 20.axb5 axb5 21.e5 Ne4 22.Be3 g5
23.Bd4 gxf4 24.Bxe4 dxe4 25.Qxe4 b4 26.Qxf4 bxc3 27.bxc3 Qc7 28.Qe4 Rc8 29.Ra8 e6
30.Rea1 Qd7 31.R1a7 Qb5 32.Qf3 Qb1+ 33.Kg2 Qc2+ 34.Kg3 Qg6 35.Qb7 Rf8 36.Rxf8+ Bxf8
37.Qf3 Rc8 38.h4 h5 39.Kh3 hxg4+ 40.Qxg4 Qxg4+ 41.Kxg4 Bc5 42.Rd7 Bxd4 43.cxd4 Rc1
44.Kg5 Kg7  1/2-1/2